000 00624cam a22002053a 4500
001 44368
003 PGUSA
005 20140828084019.0
008 131205s2013||||xxu|||||s|||||000 | eng d
040 _aPGUSA
_beng
042 _adc
100 1 _aPeters, Emil
245 1 0 _aJugend, Liebe und Leben :
_bKörperliche, seelische und sittliche Forderungen der Gegenwart
_h[electronic resource] /
_cEmil Peters
260 _bProject Gutenberg,
_c2013
506 _aPublic domain in the USA.
516 _aElectronic text
830 0 _aProject Gutenberg
_v44368
856 4 0 _uhttp://www.gutenberg.org/ebooks/44368
942 _cEB
999 _c273619
_d273619